| 000 | 00419nam a2200157Ia 4500 | ||
|---|---|---|---|
| 008 | 230524s9999 xx 000 0 und d | ||
| 082 |
_a4.6 _bMUK |
||
| 100 | _aA.K.Mukhopadhyay | ||
| 245 | 0 | _aText Book on Microprocessor Based Laboratory Experiments & Projects | |
| 250 | _a2ND | ||
| 260 |
_aNEW DELHI _bWheeler Pub. _c2000 |
||
| 300 | _aXVI;402 | ||
| 500 | _aQuantity Number: 1 | ||
| 650 | _aComp-Sc | ||
| 942 | _cBK | ||
| 999 |
_c33214 _d33214 |
||